Mind-call /

Following a disastrous earthquake, a group of exceptionally bright, precognitive youngsters must outwit several dangerous relatives, under unusual circumstances, before their future is assured.

Bibliographic Details
Main Author: Belden, Wilanne Schneider
Format: Book
Language:English
Published: New York : Atheneum, 1981.
Edition:1st ed.
Series:An Argo book
Subjects:

MARC

Tag First Indicator Second Indicator Subfields
LEADER 00000cam a2200000 a 4500
001 in00000089683
005 20151008065458.0
008 800616s1981 nyu j 00011 engm
010 |a  80018488  
020 |a 0689307969 :  |c $9.95 
035 |a (OCoLC)06487323 
035 |9 AAK6024AM 
040 |a DLC  |c DLC  |d m.c.  |d OCL  |d TXA  |d UtOrBLW 
049 |a TXAS  |c [1422344] 
050 0 0 |a PZ7.B38882  |b Mi 
082 0 |a [Fic] 
100 1 |a Belden, Wilanne Schneider. 
245 1 0 |a Mind-call /  |c Wilanne Schneider Belden. 
250 |a 1st ed. 
264 1 |a New York :  |b Atheneum,  |c 1981. 
300 |a 246 pages ;  |c 22 cm. 
336 |a text  |b txt  |2 rdacontent 
337 |a unmediated  |b n  |2 rdamedia 
338 |a volume  |b nc  |2 rdacarrier 
490 0 |a An Argo book 
500 |a "Jacket painting by Troy Howell"--Dust jacket. 
520 |a Following a disastrous earthquake, a group of exceptionally bright, precognitive youngsters must outwit several dangerous relatives, under unusual circumstances, before their future is assured. 
650 1 |a Extrasensory perception  |x Fiction. 
650 1 |a Science fiction. 
999 |a MARS 
999 f f |s a180198f-0bc1-3f7b-886b-24c275c97c33  |i 5812a961-7b55-3f36-80be-4c454b91251d  |t 0 
952 f f |p noncirc  |a Texas A&M University  |b College Station  |c Cushing Memorial Library & Archives  |d Cushing: Science Fiction (Does not check out)  |t 0  |e PZ7.B38882 Mi  |h Library of Congress classification  |i unmediated -- volume  |m A14806069342 
998 f f |a PZ7.B38882 Mi  |t 0  |l Cushing: Science Fiction (Does not check out)